Fudamentals of air pollution
Gardado en:
| Formato: | Libro |
|---|---|
| Idioma: | Undetermined |
| Publicado: |
New York
Academic Press
1994
|
| Những chủ đề: | |
| Các nhãn: |
Engadir etiqueta
Sen Etiquetas, Sexa o primeiro en etiquetar este rexistro!
|
| Thư viện lưu trữ: | Trung tâm Học liệu Trường Đại học Cần Thơ |
|---|
| LEADER | 00500nam a2200181Ia 4500 | ||
|---|---|---|---|
| 001 | CTU_148949 | ||
| 008 | 210402s9999 xx 000 0 und d | ||
| 082 | |a 363.7392 | ||
| 082 | |b F981 | ||
| 245 | 0 | |a Fudamentals of air pollution | |
| 245 | 0 | |c Richard W. Boubel ... [et al.] | |
| 260 | |a New York | ||
| 260 | |b Academic Press | ||
| 260 | |c 1994 | ||
| 650 | |a Air,Ô nhiễm | ||
| 650 | |x Pollution,Không khí | ||
| 904 | |i Tuyến | ||
| 980 | |a Trung tâm Học liệu Trường Đại học Cần Thơ | ||